Alicia en el país de las maravillas / (Registro nro. 8681)

Detalles MARC
000 -LIDER
fixed length control field 00421nam a22001697a 4500
001 - NÚMERO DE CONTROL
Identificador de número de control 2236
003 - IDENTIFICACDOR DE NÚMERO DE CONTROL
control field DO-SdBNP
005 - DATE AND TIME OF LATEST TRANSACTION
control field 20171213100252.0
008 - ELEMENTOS DE LONGITUD FIJA
fixed length control field 171213b xxu||||| |||| 00| 0 spa d
020 ## - ISBN
International Standard Book Number 8481301507
040 ## - FUENTE DE CATALOGACIÓN
Agencia que crea de manera original el registro BPMSU
Idioma de catalogación spa
Agencia que realiza la transcripción BPMSU
100 1# - ASIENTO PRINCIPAL -- NOMBRE PERSONAL
Nombre personal Carroll, Lewis
245 10 - MENCIÓN DE TITULO
Título Alicia en el país de las maravillas /
260 ## - PUBLICACIÓN, DISTRIBUCIÓN, ETC. (PIE DE IMPRENTA)
Lugar de publicación, distribución, etc Madrid :
Fecha de publicación, distribución, etc 1999
942 ## - ADDED ENTRY ELEMENTS (KOHA)
Source of classification or shelving scheme Dewey Decimal Classification
Koha item type Libros
945 ## - INFORMACIÓN DE PROCESAMIENTO LOCAL
Información de procesamiento local inventariado extranjero / DG
Existencias
Withdrawn status Lost status Source of classification or shelving scheme Damaged status Not for loan Collection code Home library Current library Date acquired Source of acquisition Total Checkouts Barcode Date last seen Price effective from Koha item type
    Dewey Decimal Classification       Biblioteca Pública Metropolitana Salomé Ureña Biblioteca Pública Metropolitana Salomé Ureña 11/12/2015 FUNDI   BPMET15110232 11/12/2015 11/12/2015 Libros